| 000 | 00324nam a22001217a 4500 | ||
|---|---|---|---|
| 008 | 230608b xxu||||| |||| 00| 0 eng d | ||
| 082 |
_a342.67 _bKEN |
||
| 100 | _cMathews Ogutu | ||
| 245 | _a1979 Election Petition Judgement | ||
| 260 |
_aNairobi, Kenya _bStellascope Publishing Co. Ltd _c1983 |
||
| 300 | _a48p | ||
| 942 |
_2ddc _cBK |
||
| 999 |
_c849 _d849 |
||